| 000 -CABECERA |
| Longitud fija campo de control |
01273pam a2200337 a 4500 |
| 003 - IDENTIFICADOR DEL NÚMERO DE CONTROL |
| Identificador del número de control |
OSt |
| 005 - FECHA Y HORA DE LA ÚLTIMA TRANSACCIÓN |
| Fecha y hora de la última transacción |
20231023132759.0 |
| 008 - CÓDIGOS DE INFORMACIÓN DE LONGITUD FIJA |
| Códigos de información de longitud fija |
091119m20092013spc|||| ||||||0|0 |bcat d |
| 017 ## - NÚMERO DE COPYRIGHT O DE DEPÓSITO LEGAL |
| Número de copyright o de depósito legal |
DL B. 44130-2009 (vol. 1) |
| Agencia que asigna el número |
Biblioteca de Catalunya |
| 017 ## - NÚMERO DE COPYRIGHT O DE DEPÓSITO LEGAL |
| Número de copyright o de depósito legal |
DL B. 11726-2013 (vol. 2) |
| 020 ## - NÚMERO INTERNACIONAL NORMALIZADO PARA LIBROS |
| Número Internacional Normalizado para Libros (ISBN) |
9788492583713 (o.c.) |
| 020 ## - NÚMERO INTERNACIONAL NORMALIZADO PARA LIBROS |
| Número Internacional Normalizado para Libros (ISBN) |
9788492583720 (vol.1) |
| 020 ## - NÚMERO INTERNACIONAL NORMALIZADO PARA LIBROS |
| Número Internacional Normalizado para Libros (ISBN) |
9788499651651 (vol.2) |
| 040 ## - FUENTE DE LA CATALOGACIÓN |
| Centro catalogador de origen |
ES-BaBC |
| Lengua de catalogación |
cat |
| Centro transcriptor |
CDMR |
| 041 1# - CÓDIGO DE LENGUA |
| Código de lengua del texto/banda sonora o título independiente |
cat |
| Código de lengua original |
spa |
| 043 ## - CÓDIGO DE ÁREA GEOGRÁFICA |
| Código de área geográfica |
e-sp--- |
| Código local GAC |
e-spc-- |
| Fuente del código local |
catmarc |
| 100 1# - PUNTO DE ACCESO PRINCIPAL-NOMBRE DE PERSONA |
| Nombre de persona |
Almirall, Valentí |
| Fechas asociadas al nombre |
1841-1904 |
| 9 (RLIN) |
192 |
| 240 10 - TÍTULO UNIFORME |
| Título uniforme |
<a href="Obres">Obres</a> |
| 245 10 - MENCIÓN DE TÍTULO |
| Título |
Obra completa |
| Mención de responsabilidad, etc. |
/ Valentí Almirall ; edició, introducció i notes a cura de Josep M. Figueres |
| 260 ## - PUBLICACIÓN, DISTRIBUCIÓN, ETC. (PIE DE IMPRENTA) |
| Lugar de publicación, distribución, etc. |
Barcelona: |
| Nombre del editor, distribuidor, etc. |
Institut d'Estudis Catalans |
| Fecha de publicación, distribución, etc. |
2009-2013 |
| 300 ## - DESCRIPCIÓN FÍSICA |
| Extensión |
vol. 1-2 (1063; 955 p. ); |
| Dimensiones |
25 cm |
| 490 1# - MENCIÓN DE SERIE |
| Mención de serie |
Monografies de la Secció Històrico-arqueològica ; |
| Designación de volumen o secuencia |
11/1-2 |
| 504 ## - NOTA DE BIBLIOGRAFÍA, ETC |
| Nota de bibliografía, etc. |
Bibliografia. Cronologia. Índex |
| 505 8# - NOTA DE CONTENIDO CON FORMATO |
| Nota de contenido con formato |
Conté: vol. 1. 1867-1879 -- vol. 2. 1880-1884 |
| 546 ## - NOTA DE LENGUA |
| Nota de lengua |
Textos en català i castellà |
| 600 17 - PUNTO DE ACCESO ADICIONAL DE MATERIA - NOMBRE DE PERSONA |
| Nombre de persona |
Almirall, Valentí, |
| Subdivisión de materia general (R ) |
Crítica i interpretació |
| Fuente de encabezamiento o te&ecute,rmino |
lemac |
| 600 17 - PUNTO DE ACCESO ADICIONAL DE MATERIA - NOMBRE DE PERSONA |
| Nombre de persona |
Almirall, Valentí, |
| Subdivisión de materia general (R ) |
Viatges |
| Fuente de encabezamiento o te&ecute,rmino |
lemac |
| 651 #7 - PUNTO DE ACCESO ADICIONAL DE MATERIA - NOMBRE GEOGRÁFICO |
| Nombre geográfico |
Catalunya |
| Subdivisión de materia general |
Política i govern |
| Subdivisión cronológica |
S. XIX |
| Fuente del encabezamiento o término |
lemac |
| 700 1# - PUNTO DE ACCESO ADICIONAL - NOMBRE DE PERSONA |
| Nombre de persona |
Figueres i Artigues, Josep Maria |
| 9 (RLIN) |
13 |
| 942 ## - ENTRADA DE ELEMENTOS AGREGADOS (KOHA) |
| Koha [por defecto] tipo de item |
Monografies |
| Fuente de clasificaión o esquema |
|